Statistieken voor Gastlanden Olympische Spelen

Klik hier om de quiz te nemen!

Algemene statistieken

  • Deze quiz is 157 keer genomen
  • De gemiddelde score is 20 van 24

Antwoordstatistieken

#Land% Correct
4Japan
98%
6Frankrijk
96%
1Nederland
96%
2China
93%
9Verenigde Staten
93%
1Spanje
92%
1Brazilië
91%
4Italië
91%
3Duitsland
90%
1Rusland
90%
3Australië
89%
3Canada
89%
3Verenigd Koninkrijk
89%
1België
88%
1Mexico
86%
2Noorwegen
84%
1Zweden
84%
1Finland
82%
2Griekenland
81%
2Zwitserland
81%
2Zuid-Korea
80%
2Oostenrijk
75%
1Sovjet Unie
47%
1Joegoslavië
43%

Scoreverdeling

Percentiel versus Aantal Correcte Antwoorden

Procent van Mensen met Elke Score

Uw Scoregeschiedenis

U heeft deze quiz nog niet genomen